A. WESLEY POWELL LEARNING RESOURCE CENTRE (WPLRC)

Wonderful Place to Learn, Research & Collaborate

The Oxford Guide to Plays (Record no. 13665)

MARC details
000 -LEADER
fixed length control field nam a22 4500
003 - CONTROL NUMBER IDENTIFIER
control field 000
005 - DATE AND TIME OF LATEST TRANSACTION
control field 20190703153724.0
008 - FIXED-LENGTH DATA ELEMENTS--GENERAL INFORMATION
fixed length control field 000
020 ## - INTERNATIONAL STANDARD BOOK NUMBER
International Standard Book Number 978 0 19 860418 1
040 ## - CATALOGING SOURCE
Transcribing agency 000
082 ## - DEWEY DECIMAL CLASSIFICATION NUMBER
Classification number CS/809.2003 PAT
245 ## - TITLE STATEMENT
Title The Oxford Guide to Plays
Statement of responsibility, etc. Patterson, Michael
260 ## - PUBLICATION, DISTRIBUTION, ETC. (IMPRINT)
Place of publication, distribution, etc. New York
Name of publisher, distributor, etc. Oxford University Press Inc.
Date of publication, distribution, etc. 2007
300 ## - PHYSICAL DESCRIPTION
Extent 20cm
942 ## - ADDED ENTRY ELEMENTS (KOHA)
Source of classification or shelving scheme Dewey Decimal Classification
Koha item type Circ Books
Holdings
Withdrawn status Lost status Source of classification or shelving scheme Damaged status Not for loan Home library Current library Date acquired Total Checkouts Full call number Barcode Date last seen Price effective from Koha item type
    Dewey Decimal Classification     Wesley Powell Learning Resource Centre Wesley Powell Learning Resource Centre 07/03/2019   CS/809.2003 PAT 47081 07/03/2019 07/03/2019 Circ Books